01155naa#a2200181#i#4500001001600000005001700016011001400033100004100047102000700088200023800095210005800333215001000391608004500401675039200446700005200838700006000890856002300950RU\\bibl\12057520260430083656.4##a2587-6740##a20260415b2026####ek#y0rusy0150####ca##aRU1#aОсновные направления землеустройства в свете реализации национальных целей развития Российской ФедерацииeЖурнальная статья1#aМоскваcЭлектронная наукаd2026##a3 с.##aЖурнальная статья2local##aСельскохозяйственные предприятия, земельные владения и системы ведения хозяйства. 631.11aРегиональная экономика. Территориальная экономика. 332.1aЭкономическая политика. Управление и планирование в экономике. 338.2#1aВолковgСергей Николаевич#1aЧеркашинаgЕлена Вячеславовна4#astolypinvestnik.ru